000 00609nam a2200241Ia 4500
003 OSt
005 20220912151019.0
006 a|||||r|||| 00| 0
007 ta
008 220909b |||||||| |||| 00| 0 eng d
024 _a25833
037 _cTextual
040 _aCSL
_beng
_cCSL
041 _aeng
082 _aB287, L8
100 _aShiryayev A N
245 0 _aOptimal stopping rules
260 _aNew York
_b Springer-Verlag
_c1978
300 _ax,217p.
_ccm.
650 _asequential analysis
942 _hB287, L8
_cTEXL
_2CC
999 _c59354
_d59354